Материаловедение (Запись № 10255624)

Подробности
000 -МАРКЕР
контрольное поле 02144nam0a2200349 i 4500
001 - ИДЕНТИФИКАТОР ЗАПИСИ
контрольное поле RU\NLR\BIBL_A\010530650
005 - ИДЕНТИФИКАТОР ВЕРСИИ
контрольное поле 20260405112542.0
010 ## - МЕЖДУНАРОДНЫЙ СТАНДАРТНЫЙ НОМЕР КНИГИ (ISBN)
Номер (ISBN) 9785446813124
Тираж 1200
021 ## - НОМЕР ГОСУДАРСТВЕННОЙ РЕГИСТРАЦИИ
Код страны Российская Федерация
Номер 2014-68142
Номер Листа государственной регистраци 4175
035 ## - ДРУГИЕ СИСТЕМНЫЕ НОМЕРА
Идентификатор записи (NLR Aleph) 010530650
100 ## - ДАННЫЕ ОБЩЕЙ ОБРАБОТКИ
Данные общей обработки 20141114d2014 u y0rusy50 ca
101 0# - ЯЗЫК РЕСУРСА
Язык текста, звукозаписи и т.д. русский
102 ## - СТРАНА ПУБЛИКАЦИИ ИЛИ ПРОИЗВОДСТВА
Страна публикации Российская Федерация
105 ## - ПОЛЕ КОДИРОВАННЫХ ДАННЫХ: ТЕКСТОВЫЕ МАТЕРИАЛЫ, МОНОГРАФИЧЕСКИЕ
Кодированные данные о монографическом текстовом документе y|||j|||000yy
200 1# - ЗАГЛАВИЕ И СВЕДЕНИЯ ОБ ОТВЕТСТВЕННОСТИ
Основное заглавие Материаловедение
Наименование части Отделочные работы
Сведения, относящиеся к заглавию учебник для использования в учебном процессе образовательных учреждений, реализующих программы начального профессионального образования по профессии 270802.10 "Мастер отделочных строительных работ"
Первые сведения об ответственности [Смирнов Владимир Александрович, Ефимов Борис Александрович, Кульков Олег Валентинович и др.]
205 ## - СВЕДЕНИЯ ОБ ИЗДАНИИ
Сведения об издании 4-е изд., стер.
210 ## - ПУБЛИКАЦИЯ, РАСПРОСТРАНЕНИЕ И ДР.
Место издания, распространения и т.д. Москва
Имя издателя, распространителя и т. д. Академия
Дата издания, распространения и т.д. 2014
215 ## - ФИЗИЧЕСКАЯ ХАРАКТЕРИСТИКА
Специфическое обозначение материала и объем 365, [1] c.
Другие сведения о физической характеристике ил.
Размеры 22
225 1# - СЕРИЯ
Основное заглавие серии Профессиональное образование
Наименование части Мастер отделочных строительных работ
225 1# - СЕРИЯ
Основное заглавие серии Учебник
300 ## - ОБЩИЕ ПРИМЕЧАНИЯ
Текст примечания Авт. указаны на обороте тит. л.
320 ## - ПРИМЕЧАНИЯ О НАЛИЧИИ В ДОКУМЕНТЕ БИБЛИОГРАФИИ / УКАЗАТЕЛЯ
Текст примечания Библиогр.: с. 364 (18 назв.)
606 ## - НАИМЕНОВАНИЕ ТЕМЫ КАК ПРЕДМЕТ
Наименование темы Отделочные материалы
Формальный подзаголовок Учебники для начального профессионального образования
Системный номер авторитетной/нормативной записи 888728
Идентификатор авторитетной/нормативной записи RU\NLR\AUTH\66321084
686 1# - ИНДЕКСЫ ДРУГИХ КЛАССИФИКАЦИЙ
Индекс Н308я722-1
701 #1 - ИМЯ ЛИЦА - АЛЬТЕРНАТИВНАЯ ОТВЕТСТВЕННОСТЬ
Материалы, к которым относится поле rus
Графика поля Кириллица
Начальный элемент ввода Смирнов
Часть имени, кроме начального элемента ввода В. А.
Дополнения к именам, кроме дат канд. техн. наук, материаловедение
Расширение инициалов личного имени Владимир Александрович
Идентификатор авторитетной/нормативной записи RU\NLR\AUTH\7735288
Системный номер авторитетной/нормативной записи 18286
701 #1 - ИМЯ ЛИЦА - АЛЬТЕРНАТИВНАЯ ОТВЕТСТВЕННОСТЬ
Графика поля Кириллица
Материалы, к которым относится поле rus
Начальный элемент ввода Ефимов
Часть имени, кроме начального элемента ввода Б. А.
Дополнения к именам, кроме дат канд. техн. наук
Расширение инициалов личного имени Борис Александрович
Идентификатор авторитетной/нормативной записи RU\NLR\AUTH\7743380
Системный номер авторитетной/нормативной записи 26323
701 #1 - ИМЯ ЛИЦА - АЛЬТЕРНАТИВНАЯ ОТВЕТСТВЕННОСТЬ
Начальный элемент ввода Кульков
Часть имени, кроме начального элемента ввода О. В.
Расширение инициалов личного имени Олег Валентинович
942 ## - ДОПОЛНИТЕЛЬНЫЕ ЭЛЕМЕНТЫ ЗАПИСИ (АБИС)
Тип экземпляра АБИС Книга
980 ## - КОЛЛЕКЦИЯ
Название коллекции НБР

Нет доступных экземпляров.